[Event "BL 8485 Bochum-München 36"]
[Site "?"]
[Date "1984.??.??"]
[Round "?.1"]
[White "Unzicker, W."]
[Black "Heinbuch, D."]
[Result "1/2-1/2"]
[WhiteElo "2470"]
[BlackElo "2255"]
[PlyCount "94"]
[EventDate "1984.??.??"]

1. e4 c5 2. Nf3 Nc6 3. d4 cxd4 4. Nxd4 Nf6 5. Nc3 d6 6. Bg5 e6 7. Qd2 a6 8.
O-O-O Bd7 9. f4 Be7 10. Nf3 b5 11. Bxf6 Bxf6 12. Qxd6 Ra7 13. e5 Be7 14. Qd2
Qa5 15. Kb1 Bb4 16. Ng5 Bxc3 17. Qxc3 Qxc3 18. bxc3 Ke7 19. Bd3 h6 20. Ne4 Na5
21. Nd6 Rc7 22. Kb2 Rb8 23. Rhe1 h5 24. Re3 g6 25. g3 Bc6 26. Rd2 Bd5 27. a3 f5
28. Rd1 Rb6 29. Be2 Rbc6 30. Rd4 Rc5 31. h3 Nc6 32. Rd1 Nb8 33. Ra1 Nd7 34. a4
b4 35. Bxa6 Rxc3 36. Rxc3 Rxc3 37. Bd3 Nc5 38. Nc8+ Kd8 39. Nb6 Nxd3+ 40. cxd3
Bb7 41. a5 Ba6 42. Ra4 Rxd3 43. Rxb4 Rxg3 44. Rd4+ Kc7 45. Rd7+ Kc6 46. Rd6+
Kb5 47. Rxe6 Kxa5 1/2-1/2

[Event "BL 8485 Bochum-München 36"]
[Site "?"]
[Date "1984.??.??"]
[Round "?.2"]
[White "Sehner, N."]
[Black "Robatsch, K."]
[Result "1-0"]
[WhiteElo "2315"]
[BlackElo "2430"]
[PlyCount "55"]
[EventDate "1984.??.??"]

1. e4 c5 2. Nf3 d6 3. d4 cxd4 4. Nxd4 Nf6 5. Nc3 Nc6 6. Bg5 Bd7 7. Nb3 a6 8. f4
e6 9. Bd3 Be7 10. Qf3 b5 11. O-O O-O 12. Rae1 Nb4 13. Kh1 Nxd3 14. cxd3 b4 15.
Nd1 Rc8 16. Ne3 Bb5 17. Qd1 Re8 18. Rf3 Nd7 19. Bxe7 Rxe7 20. Rg3 Nc5 21. Nxc5
dxc5 22. Ng4 Qd4 23. f5 Kh8 24. f6 gxf6 25. e5 Rg8 26. Qf3 f5 27. Nf6 Rg6 28.
Qa8+ 1-0

[Event "BL 8485 Bochum-München 36"]
[Site "?"]
[Date "1984.??.??"]
[Round "?.4"]
[White "Backwinkel, P."]
[Black "Bastian, H."]
[Result "0-1"]
[WhiteElo "2330"]
[BlackElo "2375"]
[PlyCount "58"]
[EventDate "1984.??.??"]

1. e4 e5 2. Nc3 Bc5 3. Bc4 d6 4. d3 Nc6 5. f4 Bxg1 6. Rxg1 Qh4+ 7. Kf1 Bg4 8.
Qe1 Qxh2 9. Nd5 O-O-O 10. Kf2 Qh4+ 11. g3 Qh2+ 12. Rg2 Qh5 13. Be3 f5 14. b4
Nce7 15. Bxa7 fxe4 16. dxe4 Nxd5 17. Bxd5 Nf6 18. Kg1 Nxd5 19. exd5 Rde8 20.
Qd2 Bf3 21. Rh2 Qg6 22. Bf2 exf4 23. Qxf4 Bxd5 24. Qd4 Bc6 25. c4 Re4 26. Qa7
b6 27. c5 dxc5 28. a4 Rxb4 29. a5 Rb1+ 0-1

[Event "BL 8485 Bochum-München 36"]
[Site "?"]
[Date "1984.??.??"]
[Round "?.5"]
[White "Mueller, Hei"]
[Black "Beckemeyer, W."]
[Result "1/2-1/2"]
[WhiteElo "2270"]
[BlackElo "2325"]
[PlyCount "26"]
[EventDate "1984.??.??"]

1. d4 Nf6 2. Nf3 g6 3. b3 Bg7 4. Bb2 d6 5. e3 O-O 6. Nbd2 Nc6 7. h3 e5 8. dxe5
Nd7 9. Nc4 Ndxe5 10. Ncxe5 Nxe5 11. Nxe5 Bxe5 12. Bxe5 dxe5 13. Qxd8 Rxd8
1/2-1/2

[Event "BL 8485 Bochum-München 36"]
[Site "?"]
[Date "1984.??.??"]
[Round "?.6"]
[White "Sonntag, H."]
[Black "Zysk, R."]
[Result "1-0"]
[WhiteElo "2305"]
[BlackElo "2325"]
[PlyCount "53"]
[EventDate "1984.??.??"]

1. e4 g6 2. d4 Bg7 3. c4 d6 4. Nc3 e5 5. Nge2 Nd7 6. Be3 Ne7 7. Qd2 O-O 8.
O-O-O f5 9. Bg5 Nb6 10. dxe5 Nxc4 11. exd6 cxd6 12. Qd3 Be6 13. Nd4 Bf7 14. Qc2
Rc8 15. Bxc4 Rxc4 16. Ndb5 d5 17. exd5 h6 18. Bxe7 Qxe7 19. d6 Qd7 20. Rhe1
Rfc8 21. Re7 Qxb5 22. d7 Qb6 23. dxc8=Q+ Rxc8 24. Rdd7 Bxc3 25. bxc3 Qa5 26.
Kd2 Rf8 27. Rxf7 1-0

[Event "BL 8485 Bochum-München 36"]
[Site "?"]
[Date "1984.??.??"]
[Round "?.7"]
[White "Krause, C."]
[Black "Ueter, H."]
[Result "1/2-1/2"]
[WhiteElo "2240"]
[BlackElo "2270"]
[PlyCount "76"]
[EventDate "1984.??.??"]

1. c4 g6 2. Nc3 Bg7 3. g3 d6 4. Bg2 e5 5. e4 Nc6 6. Nge2 Nge7 7. d3 O-O 8. O-O
Be6 9. Nd5 f5 10. Rb1 Qd7 11. b4 h6 12. b5 Nd8 13. Ba3 c6 14. Nxe7+ Qxe7 15. f4
fxe4 16. Bxe4 Bh3 17. Bg2 Bxg2 18. Kxg2 Ne6 19. bxc6 bxc6 20. fxe5 Rxf1 21.
Qxf1 Bxe5 22. Qg1 c5 23. Qe3 Rf8 24. Bc1 Qf6 25. Bd2 g5 26. Bc3 Nd4 27. Bxd4
cxd4 28. Qe4 Rf7 29. Ng1 Qf2+ 30. Kh1 Kg7 31. Rb7 Qxa2 32. Rxf7+ Kxf7 33. Qf5+
Bf6 34. Qh7+ Bg7 35. Qf5+ Bf6 36. Qh7+ Bg7 37. Qf5+ Ke7 38. Qe4+ Kf7 1/2-1/2

[Event "BL 8485 Bayern-Bochum"]
[Site "?"]
[Date "1984.??.??"]
[Round "?.1"]
[White "Heinbuch, D."]
[Black "Pfleger, He"]
[Result "1/2-1/2"]
[WhiteElo "2255"]
[BlackElo "2490"]
[PlyCount "80"]
[EventDate "1984.??.??"]

1. e4 c6 2. d4 d5 3. Nd2 dxe4 4. Nxe4 Nd7 5. Nf3 Ngf6 6. Nxf6+ Nxf6 7. Ne5 Be6
8. Be2 g6 9. O-O Bg7 10. b3 O-O 11. Bb2 Qc7 12. Bf3 Rad8 13. Qe2 Bd5 14. Rfe1
Nd7 15. c4 Nxe5 16. dxe5 Bxf3 17. Qxf3 e6 18. g3 Rd7 19. Rad1 Rfd8 20. Rxd7
Rxd7 21. Bc3 b5 22. cxb5 cxb5 23. Bb4 Rd5 24. Bd6 Qc2 25. Kg2 h5 26. Re3 Qf5
27. Qxf5 exf5 28. Kf3 Bf8 29. Bxf8 Kxf8 30. h4 Ke7 31. Ke2 b4 32. Ke1 Ke6 33.
f4 Ra5 34. Re2 Rc5 35. Kd2 Kd5 36. Ke3 Rc3+ 37. Kf2 a5 38. e6 fxe6 39. Re5+ Kd4
40. Rxa5 Rc2+ 1/2-1/2

[Event "BL 8485 Bayern-Bochum"]
[Site "?"]
[Date "1984.??.??"]
[Round "?.2"]
[White "Kindermann, S."]
[Black "Sehner, N."]
[Result "1-0"]
[WhiteElo "2490"]
[BlackElo "2315"]
[PlyCount "63"]
[EventDate "1984.??.??"]

1. e4 c5 2. Nf3 d6 3. d4 cxd4 4. Nxd4 Nf6 5. Nc3 g6 6. Be2 Bg7 7. O-O O-O 8.
Be3 a6 9. f4 Nbd7 10. a4 Qc7 11. Kh1 b6 12. Nd5 Nxd5 13. exd5 Nf6 14. c4 Bd7
15. Rc1 e5 16. fxe5 dxe5 17. Nf3 Ng4 18. Bg1 f5 19. a5 bxa5 20. c5 e4 21. Nd4
Ne5 22. Qc2 Bh6 23. d6 Qb8 24. Rcd1 Rc8 25. Bc4+ Kh8 26. Ne6 Bxe6 27. Bxe6 Re8
28. Bd5 Bg7 29. Bxa8 Qxa8 30. Bd4 Qd5 31. Bxe5 Qxe5 32. c6 1-0

[Event "BL 8485 Bayern-Bochum"]
[Site "?"]
[Date "1984.??.??"]
[Round "?.3"]
[White "Budde, V."]
[Black "Hecht, H."]
[Result "1/2-1/2"]
[WhiteElo "2360"]
[BlackElo "2450"]
[PlyCount "53"]
[EventDate "1984.??.??"]

1. c4 Nf6 2. Nc3 e5 3. g3 Bb4 4. Bg2 O-O 5. Nf3 Re8 6. O-O Bxc3 7. dxc3 d6 8.
Ne1 Nbd7 9. Nc2 Nf8 10. Ne3 Ng6 11. Nd5 h6 12. e4 Nxd5 13. cxd5 Bd7 14. Be3 f5
15. exf5 Bxf5 16. f3 Qc8 17. Re1 Bh3 18. Bh1 Qd7 19. Qc2 Ne7 20. c4 Bf5 21. Qc3
a5 22. f4 exf4 23. gxf4 Ng6 24. Bd2 b6 25. Qg3 Rxe1+ 26. Rxe1 Re8 27. b3
1/2-1/2

[Event "BL 8485 Bayern-Bochum"]
[Site "?"]
[Date "1984.??.??"]
[Round "?.4"]
[White "Bischoff, K."]
[Black "Backwinkel, P."]
[Result "1-0"]
[WhiteElo "2375"]
[BlackElo "2330"]
[PlyCount "55"]
[EventDate "1984.??.??"]

1. e4 e6 2. d3 d5 3. Nd2 Nf6 4. Ngf3 Nc6 5. Be2 Be7 6. O-O O-O 7. c3 a5 8. Qc2
b6 9. Re1 Ba6 10. d4 Bxe2 11. Rxe2 Re8 12. e5 Nd7 13. Nf1 b5 14. g3 Nb6 15. h4
b4 16. Ne3 bxc3 17. bxc3 Qd7 18. Ng4 Na7 19. a4 h5 20. Ne3 c5 21. dxc5 Bxc5 22.
Ng2 Nc6 23. Nf4 g6 24. Nxh5 gxh5 25. Ng5 Qa7 26. Qh7+ Kf8 27. Ne4 dxe4 28. Bg5
1-0

[Event "BL 8485 Bayern-Bochum"]
[Site "?"]
[Date "1984.??.??"]
[Round "?.5"]
[White "Beckemeyer, W."]
[Black "Calvo Minguez, R."]
[Result "1/2-1/2"]
[WhiteElo "2325"]
[BlackElo "2410"]
[PlyCount "102"]
[EventDate "1984.??.??"]

1. e4 c5 2. Nf3 Nc6 3. d4 cxd4 4. Nxd4 Nf6 5. Nc3 d6 6. Bg5 e6 7. Qd2 a6 8.
O-O-O h6 9. Be3 Bd7 10. f3 b5 11. Bd3 Be7 12. g4 Nxd4 13. Bxd4 Bc6 14. h4 e5
15. Bf2 Qa5 16. Kb1 b4 17. Ne2 d5 18. Ng3 dxe4 19. Nxe4 Nd5 20. Bg3 Rb8 21.
Bxe5 O-O 22. g5 Nc3+ 23. Nxc3 Qxe5 24. Ne4 Bxe4 25. Bxe4 hxg5 26. hxg5 Rfd8 27.
Qe2 Rxd1+ 28. Rxd1 g6 29. f4 Qxf4 30. Bxg6 Bf8 31. Rf1 Re8 32. Qd1 Rd8 33. Bd3
Qc7 34. Qh5 Bg7 35. g6 Rd7 36. Qf3 a5 37. Qe4 Kf8 38. Bb5 Rd8 39. Bd3 Re8 40.
Qd5 Bf6 41. Bc4 Re5 42. Qf3 Qe7 43. Rd1 fxg6 44. a3 Re1 45. Qa8+ Kg7 46. Qg8+
Kh6 47. Qd5 Rxd1+ 48. Qxd1 bxa3 49. Qh1+ Kg7 50. bxa3 g5 51. Ka2 Qe5 1/2-1/2

[Event "BL 8485 Bayern-Bochum"]
[Site "?"]
[Date "1984.??.??"]
[Round "?.6"]
[White "Klundt, K."]
[Black "Sonntag, H."]
[Result "1/2-1/2"]
[WhiteElo "2340"]
[BlackElo "2305"]
[PlyCount "190"]
[EventDate "1984.??.??"]

1. e4 e5 2. Nf3 Nc6 3. Bb5 a6 4. Ba4 Nf6 5. O-O Be7 6. Re1 b5 7. Bb3 d6 8. c3
O-O 9. h3 Bb7 10. d4 Re8 11. Nbd2 Bf8 12. Bc2 h6 13. d5 Ne7 14. b3 Nc8 15. c4
c6 16. Bd3 Nd7 17. Bb2 Nc5 18. Bc2 b4 19. Nf1 cxd5 20. cxd5 a5 21. Ne3 Ba6 22.
a3 Nb6 23. axb4 axb4 24. Qd2 Rb8 25. Ra2 Qf6 26. Nd4 Bd3 27. Bxd3 exd4 28. Ng4
Qh4 29. Bb5 Rxe4 30. Rxe4 Nxe4 31. Qxd4 f5 32. Bd3 Re8 33. Nh2 Nd7 34. Nf3 Qe7
35. Ra7 Qd8 36. Bb5 Re7 37. Bxd7 Rxd7 38. Rxd7 Qxd7 39. Qxb4 Be7 40. Qa4 Qb7
41. Qe8+ Bf8 42. Qe6+ Qf7 43. Nd4 Nc5 44. Qxf7+ Kxf7 45. Ba3 g6 46. b4 Nd7 47.
Ne6 Nb6 48. Nc7 Ke7 49. Bc1 Kd7 50. Ne6 Be7 51. Nf4 g5 52. Be3 Bd8 53. Bxb6
Bxb6 54. Nh5 f4 55. Kf1 Ke7 56. g4 fxg3 57. fxg3 Bd4 58. Ke2 Bc3 59. b5 Kd7 60.
Kd3 Bb2 61. g4 Be5 62. b6 Kc8 63. Kc4 Kb8 64. Kb4 Ka8 65. Ka5 Kb7 66. Kb5 Bd4
67. Ng3 Bxb6 68. Nf5 Kc7 69. Nxh6 Be3 70. Kc4 Kb6 71. Nf5 Bf4 72. h4 gxh4 73.
Nxh4 Kc7 74. Kd4 Kd7 75. Ke4 Bg3 76. Ng6 Ke8 77. Kf5 Kf7 78. Nf4 Be1 79. g5 Bc3
80. Nh5 Bb2 81. Nf6 Bc3 82. g6+ Kf8 83. Ne4 Be5 84. Ke6 Kg7 85. Nxd6 Bf4 86.
Nf7 Kxg6 87. Ne5+ Kg7 88. d6 Bg5 89. Nf7 Bf4 90. d7 Bc7 91. Ke7 Ba5 92. Nd6 Bb6
93. Nc4 Bc7 94. Ne3 Kg8 95. Nc4 Kg7 1/2-1/2

[Event "BL 8485 Bayern-Bochum"]
[Site "?"]
[Date "1984.??.??"]
[Round "?.7"]
[White "Ueter, H."]
[Black "Schubert, C."]
[Result "0-1"]
[WhiteElo "2270"]
[BlackElo "2260"]
[PlyCount "50"]
[EventDate "1984.??.??"]

1. e4 c5 2. Nf3 e6 3. d4 cxd4 4. Nxd4 Nf6 5. Nc3 d6 6. g4 h6 7. Bg2 Nc6 8. Nb3
Be7 9. Qe2 Bd7 10. f4 Qc7 11. Be3 a6 12. Bf3 b5 13. a3 Rc8 14. h4 b4 15. axb4
Nxb4 16. Kf2 h5 17. gxh5 Qc4 18. Qd1 e5 19. fxe5 dxe5 20. Rg1 Qe6 21. Rxg7 Nxh5
22. Bxh5 Qf6+ 23. Bf3 Qxg7 24. h5 Rxh5 25. Bxh5 Bh4+ 0-1

[Event "BL 8485 München 36-Solingen"]
[Site "?"]
[Date "1984.??.??"]
[Round "?.3"]
[White "Lobron, E."]
[Black "Nikolac, J."]
[Result "1-0"]
[WhiteElo "2495"]
[BlackElo "2450"]
[PlyCount "157"]
[EventDate "1984.??.??"]

1. e4 c6 2. d3 g6 3. f4 d5 4. Nd2 Bg7 5. Ngf3 Nd7 6. Qe2 dxe4 7. dxe4 Nc5 8.
Nb3 Bg4 9. h3 Nxb3 10. axb3 Bxf3 11. Qxf3 Nf6 12. e5 Nd5 13. Bd2 O-O 14. h4 Qb6
15. h5 e6 16. Ra4 a5 17. Bd3 Rfd8 18. Be4 Qc7 19. hxg6 hxg6 20. c4 Nb4 21. Bc3
b5 22. Ra1 bxc4 23. bxc4 Qb6 24. Qf2 c5 25. Qf3 Ra7 26. O-O Rad7 27. Rfd1 Qc7
28. Be1 Rxd1 29. Rxd1 Rd4 30. Bf2 Rxd1+ 31. Qxd1 Bf8 32. g3 Be7 33. Kg2 Kg7 34.
Be3 Nc6 35. Qa4 Nd4 36. Bd2 Bd8 37. Bc3 Nf5 38. Kf3 Nd4+ 39. Kf2 g5 40. Qd1
gxf4 41. gxf4 Qe7 42. Qg4+ Kf8 43. Kg2 Qh4 44. Qxh4 Bxh4 45. Bxa5 Nb3 46. Bb6
Be7 47. Bc6 Nc1 48. Kf3 Nd3 49. b3 Nc1 50. Ba4 Na2 51. Ke4 Nb4 52. f5 exf5+ 53.
Kxf5 Nc2 54. Ke4 Nb4 55. Ba5 Bh4 56. Bc7 Bf2 57. Bd6+ Kg7 58. Be7 Bd4 59. Bg5
Kf8 60. Bd7 Bf2 61. Bg4 Bg1 62. Bh5 Bf2 63. Kf5 Kg7 64. Bf6+ Kf8 65. e6 fxe6+
66. Kxe6 Nd3 67. Kd6 Nf4 68. Bf3 Kf7 69. Bd8 Bg3 70. Kc6 Nd3 71. Be4 Ne5+ 72.
Kxc5 Ke6 73. Kb5 Nf7 74. Bd5+ Kd7 75. Ba5 Nd6+ 76. Ka6 Nf5 77. b4 Ne7 78. Bg2
Kc8 79. c5 1-0

[Event "BL 8485 München 36-Solingen"]
[Site "?"]
[Date "1984.??.??"]
[Round "?.4"]
[White "Bastian, H."]
[Black "Lau, R."]
[Result "0-1"]
[WhiteElo "2375"]
[BlackElo "2400"]
[PlyCount "44"]
[EventDate "1984.??.??"]

1. e4 c5 2. Nc3 Nc6 3. g3 g6 4. Bg2 Bg7 5. d3 d6 6. f4 e6 7. Nf3 Nge7 8. O-O
O-O 9. Be3 b6 10. Qd2 Bb7 11. f5 exf5 12. Bh6 d5 13. Bxg7 Kxg7 14. exf5 Nxf5
15. g4 Nfd4 16. Ng5 Ne5 17. Rae1 Qd6 18. Nxh7 Kxh7 19. Qg5 Rae8 20. Re3 Kg7 21.
Bxd5 f6 22. Ne4 fxg5 0-1

[Event "BL 8485 München 36-Solingen"]
[Site "?"]
[Date "1984.??.??"]
[Round "?.5"]
[White "Borik, O."]
[Black "Mueller, Hei"]
[Result "1-0"]
[WhiteElo "2370"]
[BlackElo "2270"]
[PlyCount "105"]
[EventDate "1984.??.??"]

1. d4 g6 2. c4 f5 3. g3 Nf6 4. Bg2 Bg7 5. Nf3 O-O 6. O-O d6 7. Nc3 c6 8. d5 e5
9. dxe6 Bxe6 10. b3 h6 11. Nd4 Bf7 12. Bb2 d5 13. cxd5 Nxd5 14. e3 Na6 15. Rc1
Nab4 16. Qd2 a5 17. Rfd1 Nxc3 18. Bxc3 Nd5 19. Bb2 Qb6 20. Nf3 Rfe8 21. Bxg7
Kxg7 22. Qb2+ Kh7 23. Ne5 Be6 24. Bxd5 cxd5 25. Qd4 Qxd4 26. Rc7+ Kg8 27. Rxd4
g5 28. Ng6 Rab8 29. h4 Red8 30. hxg5 hxg5 31. f4 g4 32. Rd2 Bf7 33. Ne7+ Kf8
34. Nxf5 Rbc8 35. Rdc2 Rxc7 36. Rxc7 a4 37. bxa4 Ra8 38. Rxb7 Rxa4 39. Rb8+ Be8
40. Nd6 Ke7 41. Nxe8 Rxa2 42. Ng7 Kf6 43. Rb7 Re2 44. Ne8+ Ke6 45. Rb6+ Kf7 46.
Nd6+ Ke6 47. Ne4+ Kf5 48. Nc3 Rc2 49. e4+ dxe4 50. Rb5+ Ke6 51. Re5+ Kf7 52.
Nxe4 Rc1+ 53. Kg2 1-0

[Event "BL 8485 München 36-Solingen"]
[Site "?"]
[Date "1984.??.??"]
[Round "?.6"]
[White "Zysk, R."]
[Black "Dueball, J."]
[Result "1/2-1/2"]
[WhiteElo "2325"]
[BlackElo "2445"]
[PlyCount "48"]
[EventDate "1984.??.??"]

1. Nf3 Nf6 2. c4 g6 3. g3 Bg7 4. Bg2 O-O 5. O-O Re8 6. Nc3 e5 7. d4 exd4 8.
Nxd4 d6 9. b3 Nbd7 10. Bb2 c6 11. Qc2 a5 12. a3 Nc5 13. Rfd1 Qb6 14. Rab1 Ng4
15. e3 h5 16. Ba1 Qc7 17. Qd2 Qe7 18. b4 axb4 19. axb4 Ne6 20. Ne4 Ne5 21. Nxe6
Nxc4 22. Qd3 Bxe6 23. Bxg7 Kxg7 24. Nxd6 Nxd6 1/2-1/2

[Event "BL 8485 München 36-Solingen"]
[Site "?"]
[Date "1984.??.??"]
[Round "?.7"]
[White "Borngaesser, R."]
[Black "Krause, C."]
[Result "0-1"]
[WhiteElo "2335"]
[BlackElo "2240"]
[PlyCount "122"]
[EventDate "1984.??.??"]

1. e4 d6 2. d4 Nf6 3. Nc3 g6 4. Nf3 Bg7 5. Be2 O-O 6. O-O Bg4 7. h3 Bxf3 8.
Bxf3 Nc6 9. Ne2 e5 10. c3 Re8 11. d5 Ne7 12. g4 h6 13. Be3 Kh7 14. Ng3 Rh8 15.
Kg2 Qd7 16. Rh1 a6 17. h4 Kg8 18. c4 c5 19. a4 Rb8 20. a5 b6 21. b4 Qc7 22.
axb6 Rxb6 23. bxc5 dxc5 24. Ra5 Nd7 25. Qa4 Kh7 26. Rxa6 Rhb8 27. Ra7 R8b7 28.
Ra1 Nc8 29. Rxb7 Qxb7 30. Be2 Bf8 31. h5 Nd6 32. Qa8 Be7 33. Qxb7 Rxb7 34. Ra6
Nb8 35. Ra8 Nd7 36. Ra5 Ne8 37. hxg6+ fxg6 38. Bd1 Nef6 39. g5 Ng8 40. gxh6
Nxh6 41. Bxh6 Kxh6 42. Ba4 Nf6 43. Bb5 Kg5 44. Kf3 Rb8 45. Ra7 Bd6 46. Ra6 Rd8
47. Ne2 Ng4 48. Kg3 Bb8 49. f3 Nf6 50. Ra8 Rf8 51. Ra6 Nh5+ 52. Kf2 Rf6 53. Bc6
Nf4 54. Nc3 Rf7 55. Nb5 Rh7 56. Ra8 Rh2+ 57. Kg1 Rb2 58. Rxb8 Kh4 59. Kf1 Kg3
60. Ke1 Nd3+ 61. Kf1 Rf2+ 0-1

[Event "BL 8485 Delmenhorst-Lasker"]
[Site "?"]
[Date "1984.??.??"]
[Round "?.1"]
[White "Wockenfuss, K."]
[Black "Meyer, H."]
[Result "1-0"]
[WhiteElo "2335"]
[BlackElo "2245"]
[PlyCount "93"]
[EventDate "1984.??.??"]

1. g3 d5 2. Bg2 Nf6 3. d3 c5 4. Nf3 Nc6 5. O-O Bg4 6. h3 Bh5 7. Nc3 e6 8. Bf4
Be7 9. Re1 O-O 10. Qc1 Qd7 11. g4 Bg6 12. Nh4 d4 13. Nxg6 hxg6 14. Ne4 Nd5 15.
Bh2 Rac8 16. c4 dxc3 17. bxc3 f5 18. c4 Nc7 19. Ng5 Bd6 20. Bxd6 Qxd6 21. Rb1
b6 22. Bxc6 Qxc6 23. Qf4 Rf6 24. Qg3 Ne8 25. Qh4 e5 26. Rbd1 Rd8 27. Qh7+ Kf8
28. Qh4 Kg8 29. f4 Qd6 30. Nh7 Re6 31. Ng5 Rf6 32. e3 a6 33. fxe5 Qxe5 34. d4
Qc7 35. e4 cxd4 36. exf5 Qxc4 37. Re7 d3 38. Rde1 Qc5+ 39. Kf1 Qxe7 40. Rxe7 d2
41. Rxe8+ Rxe8 42. Qh7+ Kf8 43. Qh8+ Ke7 44. Qxg7+ Kd8 45. Qxf6+ Kc8 46. Qc6+
Kd8 47. Qd6+ 1-0

[Event "BL 8485 Delmenhorst-Lasker"]
[Site "?"]
[Date "1984.??.??"]
[Round "?.2"]
[White "Hermann, Man"]
[Black "Paulsen, D."]
[Result "1-0"]
[WhiteElo "2345"]
[BlackElo "2360"]
[PlyCount "31"]
[EventDate "1984.??.??"]

1. e4 d6 2. d4 Nf6 3. Nc3 g6 4. Be2 Bg7 5. h4 O-O 6. h5 c5 7. dxc5 Qa5 8. Kf1
Qxc5 9. Be3 Qa5 10. hxg6 fxg6 11. Nh3 Nc6 12. Nf4 Ne5 13. Nfd5 Nxd5 14. Qxd5+
Qxd5 15. Nxd5 Rf7 16. Nc7 1-0

[Event "BL 8485 Delmenhorst-Lasker"]
[Site "?"]
[Date "1984.??.??"]
[Round "?.5"]
[White "Zbikowski, W."]
[Black "Schlemermeyer, W."]
[Result "0-1"]
[WhiteElo "2280"]
[BlackElo "2220"]
[PlyCount "54"]
[EventDate "1984.??.??"]

1. e4 e5 2. Nf3 Nc6 3. Bb5 a6 4. Ba4 Nf6 5. O-O Be7 6. d4 exd4 7. e5 Ne4 8.
Nxd4 O-O 9. c3 Nxe5 10. Re1 d5 11. f3 c5 12. fxe4 cxd4 13. cxd4 Bg4 14. Qb3 Bh4
15. Rf1 Nc4 16. Qd3 dxe4 17. Qxe4 Bh5 18. Nc3 b5 19. Bd1 Bg6 20. Qf4 Bf6 21.
Ne2 Bd3 22. Kh1 Qe7 23. b3 Nb6 24. Bb2 Rae8 25. Rf2 Bh4 26. g3 Bg5 27. Qe5 Qb7+
0-1

[Event "BL 8485 Delmenhorst-Lasker"]
[Site "?"]
[Date "1984.??.??"]
[Round "?.7"]
[White "Bilek Gonstalla, M."]
[Black "Dornieden, M."]
[Result "1-0"]
[WhiteElo "2335"]
[BlackElo "2290"]
[PlyCount "53"]
[EventDate "1984.??.??"]

1. d4 d5 2. Nf3 Nf6 3. c4 e6 4. Nc3 Be7 5. Bg5 O-O 6. e3 b6 7. cxd5 exd5 8. Bd3
Be6 9. O-O Nbd7 10. Ne5 Nxe5 11. dxe5 Ng4 12. Bf4 f6 13. exf6 Bxf6 14. Nb5 Be5
15. Bxe5 Nxe5 16. Bxh7+ Kxh7 17. Qh5+ Kg8 18. Qxe5 Bf7 19. Nxc7 Rc8 20. Ne6
Bxe6 21. Qxe6+ Kh8 22. Rad1 Rc5 23. Rd4 Qg5 24. b4 Rc2 25. Rxd5 Qh4 26. g3 Qh7
27. Rd4 1-0

[Event "BL 8485 Delmenhorst-Lasker"]
[Site "?"]
[Date "1984.??.??"]
[Round "?.8"]
[White "Ditt, E."]
[Black "Jacoby, G."]
[Result "1-0"]
[WhiteElo "2300"]
[BlackElo "2245"]
[PlyCount "61"]
[EventDate "1984.??.??"]

1. g3 Nf6 2. Bg2 d5 3. f4 Nc6 4. Nf3 Bg4 5. Ne5 Nxe5 6. fxe5 Nd7 7. Bxd5 c6 8.
Bg2 Nxe5 9. d4 Ng6 10. Nc3 e5 11. d5 Qc7 12. Qd3 Rc8 13. Be3 c5 14. d6 Qxd6 15.
Qb5+ Qd7 16. Bxb7 Qxb5 17. Nxb5 Rb8 18. Bc6+ Bd7 19. Bxd7+ Kxd7 20. O-O-O+ Kc6
21. c4 a6 22. Nc3 Be7 23. Rd5 Rhd8 24. Rhd1 f5 25. Na4 Rxd5 26. cxd5+ Kb5 27.
Nc3+ Kc4 28. d6 Bd8 29. Kc2 Rc8 30. a3 Rb8 31. Rd5 1-0

[Event "BL 8485 HSK-Kreuzberg"]
[Site "?"]
[Date "1984.??.??"]
[Round "?.2"]
[White "Chandler, M."]
[Black "Grzesik, T."]
[Result "1-0"]
[WhiteElo "2540"]
[BlackElo "2340"]
[PlyCount "85"]
[EventDate "1984.??.??"]

1. e4 e5 2. Nf3 Nc6 3. Bb5 a6 4. Ba4 Nf6 5. O-O Nxe4 6. d4 b5 7. Bb3 d5 8. dxe5
Be6 9. Be3 Be7 10. c3 Nc5 11. Bc2 Bg4 12. Nbd2 Ne6 13. Qb1 Bh5 14. Rd1 Ng5 15.
Bxg5 Bxg5 16. Re1 Bxd2 17. Nxd2 Qg5 18. Ne4 Qh6 19. Ng3 Bg6 20. Bxg6 hxg6 21.
h3 Nd8 22. a4 Rb8 23. axb5 axb5 24. Qa2 c6 25. Qa3 b4 26. Qa7 Rb5 27. Qc7 O-O
28. Ra8 Qd2 29. Rf1 Qg5 30. Qd6 bxc3 31. bxc3 Rb7 32. Rc8 Qe7 33. Qxe7 Rxe7 34.
f4 Re6 35. Rb1 Ree8 36. Rbb8 c5 37. Ra8 d4 38. cxd4 cxd4 39. Kf2 d3 40. Ke3 f6
41. Kxd3 fxe5 42. fxe5 Kf7 43. Ne4 1-0

[Event "BL 8485 HSK-Kreuzberg"]
[Site "?"]
[Date "1984.??.??"]
[Round "?.3"]
[White "Grzesik, F."]
[Black "Reefschlaeger, H."]
[Result "1/2-1/2"]
[WhiteElo "2285"]
[BlackElo "2425"]
[PlyCount "110"]
[EventDate "1984.??.??"]

1. e4 e6 2. d4 d5 3. Nc3 Nc6 4. Bb5 dxe4 5. Bxc6+ bxc6 6. Nxe4 Qd5 7. Qf3 Bb7
8. Be3 O-O-O 9. Nc3 Bb4 10. Qxd5 cxd5 11. Nf3 f6 12. a3 Bxc3+ 13. bxc3 Ba6 14.
h4 Ne7 15. Kd1 Kd7 16. Nd2 Bc4 17. Nb3 Bxb3 18. cxb3 Rb8 19. Kc2 Rb7 20. Rab1
Rhb8 21. a4 h5 22. g3 Nc6 23. Rb2 a6 24. Re1 Na5 25. Reb1 Ke7 26. Bd2 Nc6 27.
Re1 Kd7 28. Bf4 Re8 29. Be3 e5 30. Rd1 e4 31. b4 Reb8 32. Rdb1 Ke6 33. Bf4 Na7
34. b5 axb5 35. a5 Kd7 36. Bd2 Ra8 37. Be3 Rbb8 38. c4 dxc4 39. d5 c6 40. dxc6+
Nxc6 41. Rxb5 Rxb5 42. Rxb5 Nxa5 43. Rxh5 Nc6 44. Rh7 Rg8 45. Kc3 Ne5 46. Bh6
Ke6 47. Rxg7 Rd8 48. Be3 Rd3+ 49. Kc2 Nc6 50. h5 Nb4+ 51. Kc1 Rb3 52. h6 c3 53.
h7 c2 54. Rc7 Rb1+ 55. Kd2 Rh1 1/2-1/2

[Event "BL 8485 HSK-Kreuzberg"]
[Site "?"]
[Date "1984.??.??"]
[Round "?.5"]
[White "Konieczka, F."]
[Black "Gruenberg, Ra"]
[Result "1/2-1/2"]
[WhiteElo "2240"]
[BlackElo "2255"]
[PlyCount "39"]
[EventDate "1984.??.??"]

1. e4 c5 2. Nf3 Nc6 3. d3 g6 4. g3 Bg7 5. Bg2 d6 6. O-O e5 7. Nh4 Nge7 8. f4
exf4 9. gxf4 d5 10. c3 dxe4 11. dxe4 Qxd1 12. Rxd1 Bg4 13. Re1 O-O-O 14. Be3 b6
15. h3 Be6 16. Nd2 Bh6 17. Nf1 Bc4 18. f5 Bxe3+ 19. Nxe3 Ne5 20. Nf3 1/2-1/2

[Event "BL 8485 HSK-Kreuzberg"]
[Site "?"]
[Date "1984.??.??"]
[Round "?.6"]
[White "Hess, C."]
[Black "Federau, J."]
[Result "1/2-1/2"]
[WhiteElo "2260"]
[BlackElo "2210"]
[PlyCount "61"]
[EventDate "1984.??.??"]

1. d4 Nf6 2. c4 e6 3. g3 d5 4. Bg2 dxc4 5. Nf3 c5 6. O-O Nc6 7. Ne5 Bd7 8. Nxc6
Bxc6 9. Bxc6+ bxc6 10. Qa4 cxd4 11. Qxc6+ Nd7 12. Qxc4 Bc5 13. b4 Be7 14. Bb2
e5 15. e3 dxe3 16. fxe3 O-O 17. Nc3 Nb6 18. Qe4 f6 19. Rfd1 Qb8 20. a3 a5 21.
Nd5 Nxd5 22. Qxd5+ Kh8 23. Qe6 Qa7 24. Kf2 Rac8 25. Rac1 Rxc1 26. Bxc1 Qc7 27.
Rd7 Qxc1 28. Qxe7 Qc2+ 29. Kg1 Qc1+ 30. Kf2 Qc2+ 31. Kg1 1/2-1/2

[Event "BL 8485 Lasker-HSK"]
[Site "?"]
[Date "1984.??.??"]
[Round "?.4"]
[White "Muse, M."]
[Black "Behrhorst, F."]
[Result "1-0"]
[WhiteElo "2240"]
[BlackElo "2285"]
[PlyCount "73"]
[EventDate "1984.??.??"]

1. d4 Nf6 2. c4 c5 3. d5 b5 4. cxb5 a6 5. Nc3 Qa5 6. bxa6 Bxa6 7. Bd2 Qc7 8. g3
d6 9. Bg2 Nbd7 10. Nh3 g6 11. Nf4 Bg7 12. h4 Ng4 13. h5 g5 14. h6 Bd4 15. Nh3
f6 16. e3 Bxc3 17. Bxc3 Nge5 18. Bf1 g4 19. Bxa6 Rxa6 20. Nf4 Nf3+ 21. Kf1 Qb7
22. Qd3 Nf8 23. Nh5 Kf7 24. Qf5 Qd7 25. Qe4 Ra4 26. Qc2 Ng6 27. Nf4 Nxf4 28.
gxf4 Qb5+ 29. Kg2 Qc4 30. Kg3 Raa8 31. Qf5 Qe2 32. Bxf6 exf6 33. Qd7+ Kg6 34.
f5+ Kg5 35. Qg7+ Kxf5 36. Qxg4+ Ke5 37. Rh5+ 1-0

[Event "BL 8485 Lasker-HSK"]
[Site "?"]
[Date "1984.??.??"]
[Round "?.5"]
[White "Gruenberg, Ra"]
[Black "Zbikowski, W."]
[Result "0-1"]
[WhiteElo "2255"]
[BlackElo "2280"]
[PlyCount "62"]
[EventDate "1984.??.??"]

1. d4 d6 2. c4 g6 3. Nc3 Bg7 4. e4 Nf6 5. f3 O-O 6. Bg5 c5 7. d5 e6 8. Nge2 Qa5
9. Bd2 Qb6 10. Rb1 exd5 11. cxd5 Nbd7 12. Ng3 h5 13. Be2 Re8 14. Be3 h4 15. Nf1
Nh5 16. Nd2 Qd8 17. Nb5 Nb6 18. b4 Nxd5 19. exd5 Rxe3 20. Nc4 Re7 21. O-O Nf4
22. Re1 a6 23. Nbxd6 Bc3 24. Qc1 Bd4+ 25. Kf1 g5 26. bxc5 Bh3 27. Qxf4 gxf4 28.
gxh3 Qd7 29. Kg2 Kh8 30. Bf1 Rg8+ 31. Kh1 Rg1# 0-1